Catàleg del Col·legi de Periodistes de Catalunya

Cultura española en democracia (Registre núm. 7952)

000 -CABECERA
Campo de control de longitud fija 00563nam a22001697a 4500
005 - FECHA Y HORA DE LA ÚLTIMA TRANSACCIÓN
Campo de control 20241024184658.0
008 - CAMPO FIJO DE DESCRIPCIÓN FIJA--INFORMACIÓN GENERAL
Campo de control de longitud fija 241024b ||||| |||| 00| 0 eng d
020 ## - ISBN (INTERNATIONAL STANDARD BOOK NUMBER)
ISBN 9788423366156
040 ## - FUENTE DE CATALOGACIÓN
Agencia de catalogación original CDMR
Agencia que realiza la modificación CDMR
100 ## - ENCABEZAMIENTO PRINCIPAL--NOMBRE PERSONAL
9 (RLIN) 4691
Nombre de persona Vila-Sanjuán, Sergio
245 ## - MENCIÓN DE TÍTULO
Título Cultura española en democracia
Parte restante del título : una crónica breve de 50 años (1975-2024)
Mención de responsabilidad, etc. / Sergio Vila-Sanjuán
260 ## - PUBLICACIÓN, DISTRIBUCIÓN, ETC (PIE DE IMPRENTA)
Lugar de publicación, distribución, etc. Barcelona :
Nombre del editor, distribuidor, etc. Destino,
Fecha de publicación, distribución, etc. 2024
300 ## - DESCRIPCIÓN FÍSICA
Extensión 142 pàgines
490 ## - MENCIÓN DE SERIE
Mención de serie Destino Referentes
Número de volumen/designación secuencial ; 12
650 #0 - ASIENTO SECUNDARIO DE MATERIA--TÉRMINO DE MATERIA
9 (RLIN) 3211
Nombre de materia o nombre geográfico como elemento de entrada Comunicació i cultura
Subdivisión geográfica Espanya
Subdivisión cronológica 1975-2024
942 ## - ELEMENTOS KOHA
Fuente de clasificación o esquema de ordenación en estanterías
Koha tipo de item Monografies
Fons
Suprimido Perdido Fuente de clasificación o esquema de ordenación en estanterías Estropeado No se presta Localización (Biblioteca) Sublocalización o Colección (subbiblioteca) Fecha de adquisición Fuente de adquisición Coste, precio normal de compra Koha préstamos (veces que ha sido prestado) Koha signatura completa Designación de pieza (código de barras) Koha Fecha de último uso Koha Fecha de último préstamo Precio Koha tipo de item
          Centre de Documentació Montserrat Roig Centre de Documentació Montserrat Roig 2024-10-24 Donació 14.00 2 Dk /16 CDMR24101263 2025-01-27 2025-01-13 2024-10-24 Monografies

Implantat amb Koha